01000nam a2200289Ia 4500001000600000003000900006008004100015040001300056040001300069041001300082100002000095100002900115245003000144245007800174250001100252260001200263260002000275260004900295300005700344650001800401650003100419942000700450957000600457999001700463999000600480952022400486D5696IT-RoPAU130308s9999 xx 000 0 und d aIT-RoPAU cIT-RoPAU aITALIANO aDavidson Donald gCodice Aut. SPICS: 7522 aEpistemologia e verità€  bRealismo/Antirealismo. Aspetti del Dibattito Epistemologico Contemporaneo a1a ed. aFIRENZE bLa Nuova Italia c1995 [1° Ed.:1995 - Ed.Ling.Originale:1995] a"18 p. (prefazione: no ; testo: 18 [pagine: 21-38])" aEPISTEMOLOGIA eCodice materia Spics: 3051 cBK 71 c95932d95932 g1 0010406D_000000000000000_569671aSPICSbSPICSd2013-03-08l0oD5696r2013-03-08 00:00:00w2013-03-08yBKzProgressivo inserimento: 1120 / Copie: 1 / data import: 1 marzo 2013 - By Epidotti, Trombetti, Vaglietti.